MARC

LEADER 00000nas a2200000 a 4500
001 ssj0005319
003 WaSeSS
005 20200512172242.0
006 m d
007 cr n
008 980527c19839999ne wx p s 0 a0eng c
010 |a  2003233441 
015 |a GBB544126  |2 bnb 
016 7 |a 8406899  |2 DNLM 
016 7 |a V00105000  |z SR0082668  |2 DNLM 
016 7 |a 012435243  |2 Uk 
022 |a 1873-2518  |l 0264-410X  |y 0264-410X 
030 |a VACCDE 
035 |a (WaSeSS)ssj0005319 
040 |a OH1  |b eng  |c OH1  |d OCL  |d OCLCQ  |d GUA  |d OCLCQ  |d MUQ  |d GUA  |d CLU  |d OCLCQ  |d LGG  |d OCLCQ  |d OPELS  |d OCLCF  |d EUW  |d OCLCQ  |d BUF  |d U3W  |d CPO  |d AU@  |d OCLCO  |d WYU  |d OCLCO  |d UKMGB  |d OCLCO  |d VT2  |d OCLCO  |d LEAUB  |d OCLCO  |d WaSeSS 
042 |a pcc 
050 1 4 |a QR189 
060 0 0 |a W1  |b VA239 
082 0 4 |a 615.372  |2 23 
130 0 |a Vaccine (Online) 
222 0 |a Vaccine  |b (Amsterdam. Online) 
245 1 0 |a Vaccine  |h [electronic resource]. 
260 |a Amsterdam :  |b Elsevier Science 
310 |a 52 issues a year,  |b 2005- 
321 |a Frequency varies,  |b 1983-2001 
321 |a 30 issues a year,  |b 2002- 
362 1 |a Began with v. 1, issue 1 (Dec. 1983). 
506 |a License restrictions may limit access. 
515 |a Some issues combined. 
525 |a Supplements accompany some issues. 
550 |a Official journal of the International Society for Vaccines, <2001->; and of the Japanese Society for Vaccinology, <2010-> 
588 |a Description based on: Vol. 13, issue 1 (Jan. 1995); title from contents screen (ScienceDirect, viewed Dec. 12, 2003). 
588 |a Latest issue consulted: Vol. 28, issue 29 (Jun. 23,. 2010) (viewed Jun. 22, 2010). 
650 0 |a Vaccines  |v Periodicals. 
650 6 |a Vaccins  |v Périodiques. 
650 7 |a Vaccines.  |2 fast  |0 (OCoLC)fst01163573 
650 2 |a Vaccines  |v Periodicals. 
650 2 |a Vaccines. 
650 2 |a Vaccines  |v periodicals. 
655 0 |a Electronic journals. 
710 2 |a International Society for Vaccines. 
710 2 |a Nihon Wakuchin Gakkai. 
776 0 8 |i Print version:  |t Vaccine  |x 0264-410X  |w (DLC)sn 84006024  |w (OCoLC)10399916 
856 4 0 |z Full text available from Research Library: 07/01/2000 to 12/31/2000  |u https://search.proquest.com/publication/105530 
856 4 0 |z Full text available from Research Library: 01/01/2002 to 2 months ago  |u https://search.proquest.com/publication/105530